Una propuesta (Record no. 189941)

MARC details
000 -LEADER
campo de control de longitud fija 00872nam a2200205 i 4500
001 - NÚMERO DE CONTROL
campo de control 189941
003 - IDENTIFICADOR DE NÚMERO DE CONTROL
campo de control ES-MaACL
005 - FECHA Y HORA DE LA ÚLTIMA TRANSACCIÓN
campo de control 20230906223610.0
008 - DATOS DE LONGITUD FIJA--INFORMACIÓN GENERAL
campo de control de longitud fija 200130s2000 sp a |||| | spa d
245 04 - MENCIÓN DEL TÍTULO
Título Una propuesta
Resto del título : pinturas : Broto, García Sevilla, Gordillo, Rivera, Saura, Sicilia, Tàpies : esculturas : Oteiza y Chirino : [exposición] del 18 de enero al 15 de febrero de 2000, Juan Gris, Galería de Arte.
260 ## - PUBLICACIÓN, DISTRIBUCIÓN, ETC.
Lugar de publicación, distribución, etc. Madrid :
Nombre del editor, distribuidor, etc. Juan Gris, Galería de Arte,
Fecha de publicación, distribución, etc. [2000]
300 ## - DESCRIPCIÓN FÍSICA
Extensión [24] p. :
Otras características físicas principalmente il. col. ;
Dimensiones 20 x 20 cm.
650 #4 - PUNTO DE ACCESO ADICIONAL DE MATERIA--TÉRMINO DE MATERIA
Término de materia o nombre geográfico como elemento de entrada Arte abstracto-
Subdivisión geográfica España-
Subdivisión de forma Exposiciones.
9 (RLIN) 142640
650 #4 - PUNTO DE ACCESO ADICIONAL DE MATERIA--TÉRMINO DE MATERIA
Término de materia o nombre geográfico como elemento de entrada Pintura española-
Subdivisión cronológica S.XX-
Subdivisión de forma Exposiciones.
9 (RLIN) 16043
655 #7 - TERMINO DE INDIZACIÓN--GENERO/FORMA
Fuente del término tgfbne
9 (RLIN) 193628
Datos o término principal de género/forma Catálogos de exposiciones
710 2# - ENTRADA AGREGADA--NOMBRE DE ENTIDAD CORPORATIVA
Nombre de entidad corporativa o nombre de jurisdicción como elemento de entrada Galería Juan Gris.
9 (RLIN) 171351
852 ## - LOCALIZACIÓN
Ubicación ES-MaACL
Número de control de estantería 2129-F-42
942 ## - ELEMENTOS DE ENTRADA SECUNDARIOS (KOHA)
Fuente del sistema de clasificación o colocación Clasificación decimal universal
Holdings
Estatus retirado Estado de pérdida Estado de daño No para préstamo Colección Biblioteca de origen Biblioteca actual Ubicación en estantería Fecha de adquisición Fuente de adquisición Total de préstamos Signatura topográfica completa Código de barras Visto por última vez Precio de reemplazo Tipo de ítem Koha
        Colección de folletos Biblioteca del Ateneo de Madrid Biblioteca del Ateneo de Madrid Depósito folletos 19/04/2005     2129-F-42 1201503 23/02/2023 23/02/2023 Folleto